00435nam a2200181Ia 4500008004100000020001800041050001400059100002000073245001200093245005400105260001500159260001600174260000900190300001600199300002000215300001000235500000800245170918s9999 xx 000 0 und d a9780439353625 bC623 1973 aCleary, Beverly aSocks / cby Beverly Cleary ; illustrated by Alan Tiagreen. aNew York : bScholastic, c1973 a156 pages : billustrations ; c19cm. a890